Derecho Constitucional Chileno
Na minha lista:
| Autor principal: | |
|---|---|
| Formato: | Livro |
| Idioma: | espanhol |
| Publicado em: |
Santiago, Chile:
Universidad Católica de Chile,
2016
|
| Edição: | 3a. ed |
| Assuntos: | |
| Tags: |
Adicionar Tag
Sem tags, seja o primeiro a adicionar uma tag!
|
MARC
| LEADER | 00000cam a2200000 a 4500 | ||
|---|---|---|---|
| 001 | UCD1524 | ||
| 003 | CL-VaPUC | ||
| 005 | 20250410124824.0 | ||
| 008 | 160310e20160000cl |||||||||||||||||spa|d | ||
| 999 | |c 362824 |d 362822 | ||
| 020 | |a 9789561416772 | ||
| 040 | |c Pontificia Universidad Católica de Valparaíso | ||
| 082 | 0 | 4 | |a 342.83 CEA 2016 |2 21 |
| 100 | 1 | |a Cea Egaña, José Luis |e autor |9 901953 | |
| 245 | 1 | 0 | |a Derecho Constitucional Chileno |
| 250 | |a 3a. ed | ||
| 260 | |a Santiago, Chile: |b Universidad Católica de Chile, |c 2016 | ||
| 300 | |a Tomo IV; 272 páginas. | ||
| 505 | |a Tomo IV: -Capítulo I. Poder Judicial -Capítulo II. Ministerio Público -Capítulo III. Contraloría General de la República -Capítulo IV. Banco Central -Capítulo V. Fuerzas Armadas, de Orden y Seguridad Pública -Capítulo VI. Consejo de Seguridad Nacional -Capítulo VII. Gobierno y administración interior del Estado -Capítulo VIII. Administración Comunal -Capítulo IX. Reforma de la Constitución | ||
| 583 | |a last modification |c 20160310 23:10:00 |k Rodrigo Vera | ||
| 650 | 0 | |a Derecho constitucional chileno |9 478271 | |
| 650 | 0 | |a Constitución política de 1980 |9 256495 | |
| 942 | |c BK |2 ddc | ||
| 945 | |d 20160310 23:10:00 |a dcastane | ||
| 952 | |0 0 |1 0 |3 erb |4 0 |6 342_830000000000000_CEA_2016 |7 0 |8 A |9 474344 |a BIBDER |b BIBDER |h t.IV |i 5360404 |l 3 |m 1 |o 342.83 CEA 2016 |p 5360404 |r 2023-11-06 |s 2023-10-26 |w 2019-11-24 |y BK |z Catalogado en:20170119 |k DER | ||
| 952 | |0 0 |1 0 |3 erb |4 0 |6 342_830000000000000_CEA_2016 |7 0 |8 A |9 474345 |a BIBDER |b BIBDER |h t.IV |i 5360390 |l 1 |o 342.83 CEA 2016 |p 5360390 |r 2023-11-08 |s 2023-11-07 |w 2019-11-24 |y BK |z Catalogado en:20170119 |k DER | ||
| 952 | |0 0 |1 0 |3 erb |4 0 |6 342_830000000000000_CEA_2016 |7 0 |8 A |9 474346 |a BIBDER |b BIBDER |h t.IV |i 5360382 |l 3 |o 342.83 CEA 2016 |p 5360382 |r 2024-11-04 |s 2024-11-04 |w 2019-11-24 |y BK |z Catalogado en:20170119 |k DER | ||